000
00324nam a2200145Ia 4500
003
OSt
005
20240307124326.0
008
170524s9999 xx 000 0 und d
020
_a
978-0071086967
040
_c
IIMT
100
_a
Zeithamal- VA
245
0
_a
Services Marketing
260
_b
New Delhi : MGH
942
_2
ddc
_c
02
999
_c
8649
_d
8649